Statistics for Eurovision Türkiye Şarkıları

Click here to take the quiz!

General Stats

  • This quiz has been taken 343 times
  • The average score is 11 of 35

Answer Stats

YılSıraŞarkı AdıSeslendiren Sanatçı% Correct
20094Düm Tek TekHadise
96%
20102We Could Be the SamemaNga
88%
20031Everyway That I CanSertab Erener
83%
199112İki Dakikaİzel & Reyhan & Can
82%
20127Love Me BackCan Bonomo
79%
20087DeliMor ve Ötesi
69%
20074Shake It Up ŞekerimKenan Doğulu
65%
20044For RealAthena
64%
198015Pet'r OilAjda Pekkan
56%
198514Diday Diday DayMFÖ
45%
198815SufiMFÖ
45%
199612Beşinci MevsimŞebnem Paker
37%
19973DinleŞebnem Paker & Grup Etnik
37%
201113 (Yarı Final)Live It UpYüksek Sadakat
33%
197519Seninle Bir DakikaSemiha Yankı
22%
200513Rimi Rimi LeyGülseren
21%
200611Süper StarSibel Tüzün
21%
199017Gözlerinin HapsindeyimKayahan
19%
198215Hani?Neco
11%
197818SevinceNilüfer & Nazar
11%
200010Yorgunum AnlaPınar Ayhan & Grup SOS
10%
198722Şarkım Sevgi ÜstüneSeyyal Taner & Grup Lokomotif
9%
199516SevArzu Ece
8%
198412HalayBeş Yıl Önce & On Yıl Sonra
8%
200111Sevgiliye SonSedat Yüce
8%
198319OperaÇetin Alp & Kısa Dalga
7%
19869HalleyKlips ve Onlar
7%
198118Dönme DolapModern Folk Üçlüsü & Ayşegül Aldinç
7%
199814UnutamazsınTüzmen
7%
199219Yaz BittiAylin Vatankoş
6%
200216Leylaklar Soldu KalbindeBuket Bengisu & Grup Safir
6%
198921Bana BanaPan
6%
199916Dön ArtıkTuba Önal & Grup Mistik
6%
199321Esmer YarimBurak Aydos
5%
1979ÇekildiSeviyorumMaria Rita Epik & 21. Peron
5%

Score Distribution

Percentile by Number Answered

Percent of People with Each Score

Your Score History

You have not taken this quiz